| 000 | 00690nam a22002297a 4500 | ||
|---|---|---|---|
| 999 |
_c5252 _d5252 |
||
| 001 | 6035 | ||
| 003 | BD-DhUAP | ||
| 005 | 20201206113949.0 | ||
| 008 | 201206s1999 ii a|||| |||| 000 0 eng d | ||
| 020 | _a8170890561 | ||
| 040 |
_aBD-DhUAP _bEng _cBD-DhUAP _dBD-DhUAP |
||
| 082 |
_223 _a581.634 IND |
||
| 245 |
_aIndian medicinal plants : _bplates / _cEdited by K. R. Kirtikar and B. D. Basu. |
||
| 260 |
_aIndia : _bInternational book distributors, _c1999. |
||
| 300 |
_aparts : _billustrations ; _c27 cm. |
||
| 505 | _aP. 3- (Nos. 515 to 779). | ||
| 650 | _aMedicinal plants. | ||
| 650 |
_aBotany, Medical _zIndia. |
||
| 700 | _aKirtikar, K. R. | ||
| 700 | _aBasu, B. D. | ||
| 942 |
_2ddc _cBK |
||